Financial modeling using C++ (+ CD) (Record no. 566528)

000 -LEADER
fixed length control field 01581cam a2200289 a 4500
001 - CONTROL NUMBER
control field 15007948
003 - CONTROL NUMBER IDENTIFIER
control field CEME
005 - DATE AND TIME OF LATEST TRANSACTION
control field 20210628201558.0
008 - FIXED-LENGTH DATA ELEMENTS--GENERAL INFORMATION
fixed length control field 070914s2007 njua 001 0 eng
010 ## - LIBRARY OF CONGRESS CONTROL NUMBER
LC control number 2007038103
020 ## - INTERNATIONAL STANDARD BOOK NUMBER
International Standard Book Number 9780471789086 (paper/cdrom)
040 ## - CATALOGING SOURCE
Original cataloging agency DLC
Transcribing agency DLC
Modifying agency DLC
050 00 - LIBRARY OF CONGRESS CALL NUMBER
Classification number HG106
Item number .S458 2007
082 00 - DEWEY DECIMAL CLASSIFICATION NUMBER
Classification number 332.0285/5362
Edition number 22
100 1# - MAIN ENTRY--PERSONAL NAME
Personal name Sengupta, Chandan
Dates associated with a name 1946-
9 (RLIN) 55924
245 10 - TITLE STATEMENT
Title Financial modeling using C++ (+ CD)
Statement of responsibility, etc. Chandan Sengupta.
260 ## - PUBLICATION, DISTRIBUTION, ETC.
Place of publication, distribution, etc. Hoboken, N.J. :
Name of publisher, distributor, etc. J. Wiley & Sons,
Date of publication, distribution, etc. c2007.
300 ## - PHYSICAL DESCRIPTION
Extent ix, 565 p. :
Other physical details ill. ;
Dimensions 24 cm. + 1 CD-ROM (4 3/4 in.)
500 ## - GENERAL NOTE
General note Includes index.
505 0# - FORMATTED CONTENTS NOTE
Formatted contents note Overview of programming and C++ -- A first look at C++ -- Variables, constants, and arrays -- Operators -- Inputs and outputs -- Program flow control: branching -- Program flow control : looping -- Functions -- Strings -- Pointers -- Debugging -- The model development process -- Time value of money -- Options and the Black-Scholes model -- Binomial trees -- Simulations -- Overview of advanced C++ -- Class and encapsulation -- Inheritance -- Polymorphism -- Templates and vectors.
650 #0 - SUBJECT ADDED ENTRY--TOPICAL TERM
Topical term or geographic name entry element Finance
General subdivision Mathematical models.
9 (RLIN) 55925
650 #0 - SUBJECT ADDED ENTRY--TOPICAL TERM
Topical term or geographic name entry element C++ (Computer program language)
9 (RLIN) 1810
856 42 - ELECTRONIC LOCATION AND ACCESS
Materials specified Contributor biographical information
Uniform Resource Identifier <a href="http://www.loc.gov/catdir/enhancements/fy0743/2007038103-b.html">http://www.loc.gov/catdir/enhancements/fy0743/2007038103-b.html</a>
856 42 - ELECTRONIC LOCATION AND ACCESS
Materials specified Publisher description
Uniform Resource Identifier <a href="http://www.loc.gov/catdir/enhancements/fy0743/2007038103-d.html">http://www.loc.gov/catdir/enhancements/fy0743/2007038103-d.html</a>
856 41 - ELECTRONIC LOCATION AND ACCESS
Materials specified Table of contents only
Uniform Resource Identifier <a href="http://www.loc.gov/catdir/enhancements/fy0743/2007038103-t.html">http://www.loc.gov/catdir/enhancements/fy0743/2007038103-t.html</a>
942 ## - ADDED ENTRY ELEMENTS (KOHA)
Source of classification or shelving scheme
Koha item type Book
Holdings
Withdrawn status Lost status Source of classification or shelving scheme Damaged status Not for loan Permanent Location Current Location Shelving location Date acquired Total Checkouts Full call number Barcode Date last seen Price effective from Koha item type
          College of Electrical & Mechanical Engineering (CEME) College of Electrical & Mechanical Engineering (CEME) General Stacks 03/18/2017   332.0285 SEN CEME-45742 06/28/2021 06/28/2021 Book
          College of Electrical & Mechanical Engineering (CEME) College of Electrical & Mechanical Engineering (CEME) General Stacks 03/18/2017   332.0285 SEN CEME-45743 06/28/2021 06/28/2021 Book
© 2023 Central Library, National University of Sciences and Technology. All Rights Reserved.